IMF Economic review [official research journal of the International Monetary Fund]

Guardado en:
Detalles Bibliográficos
Formato: Seriadas
Lenguaje:inglés
Publicado: New York Palgrave Macmillan 2017
Etiquetas: Agregar Etiqueta
Sin Etiquetas, Sea el primero en etiquetar este registro!

MARC

LEADER 00000nas2a2200000 4500
001 0240126
005 20220303084926.4
022 |a 2041-4161 
041 0 |a eng 
044 |a US 
245 1 0 |a IMF Economic review  |b [official research journal of the International Monetary Fund] 
264 1 |a New York  |b Palgrave Macmillan  |c 2017 
773 0 |w eu_un_cat*0141960 
774 0 |w eu_un_cat*0282290